000 00715nam a2200241 a 4500
005 20140310183457.0
008 081223s19uu xx 00 eng d
020 _a9780071263764
050 _aHM 1261
_b.L413 2006
100 _aPierce, Jon L.
245 _aLeaders and the leadership process :
_breadings, self-assessments and applications /
_c Jon L. Pierce
250 _a5th ed.
260 _aBoston :
_bMcGraw-Hill,
_c2006.
300 _a530 p. :
_bill. ;
_c25 cm.
521 _aBSBA
650 _aBSBA.
650 _aLeadership.
650 _aLeadership
_xCase studies.
650 _aLeadership
_xProblems, exercises, etc.
700 _aNewstrom, John W.
942 _cBK
_2lcc
_kFOR
999 _c23682
_d23682